000 00400nam a2200133 a 4500
001 000037824
005 20201002031125.0
008 130306s2007 dr 000 0 spa d
040 _aDO-SdBNP
_bspa
_cBNPHU
100 1 _aMontero, Gregorio
_964275
245 1 0 _aPara un ejercicio etico de la función pública /
_cGregorio Montero.
260 _aSanto Domingo :
_bONAP,
_c2007.
300 _a63 p. ;
_c22 cm.
999 _c37314
_d37314